| 000 | 00793cam a2200205 4500 | ||
|---|---|---|---|
| 001 | ABS66306 | ||
| 008 | 030207n2003 000 0 eng u | ||
| 035 | _a(Sirsi) u121295 | ||
| 245 | _aTrades survey | ||
| 260 | _c2003 | ||
| 490 |
_aConstruction News _v(6801) January 2003, I-VII(7) |
||
| 520 | _aPay survey which reveals that demand for labour in the last six months of 2002 meant better pay packages for construction workers. Breakdown of basic pay by: age, region, temporary or permanent employment, overtime rate paid, foreign workers, travel time and benefits received. Graphs and tables. | ||
| 590 | _aABS | ||
| 650 | _aCONSTRUCTION INDUSTRY | ||
| 650 | _aCONSTRUCTION WORKERS | ||
| 650 | _aSALARY SURVEYS | ||
| 650 | _aSALARIES | ||
| 690 | _aBUILT ENVIRONMENT | ||
| 942 | _n0 | ||
| 999 |
_c72085 _d72085 |
||